Guess the Movie - Minimalistic Pictures #12 - Statistics

General Stats
  • This quiz has been taken 80 times
  • The average score is 10 of 20
Answer Stats
Picture Hint Answer % Correct
1978 Grease
87%
2023 Barbie
82%
2018 Spider-Man: Into the Spider-Verse
79%
1996 Mission: Impossible
76%
2005 Charlie and the Chocolate Factory
70%
2005 V for Vendetta
66%
2017 Baby Driver
60%
2000 Charlie's Angels
60%
1999 Fight Club
60%
1998 Babe: Pig in the City
58%
1961 Breakfast at Tiffanys
51%
1990 Pretty Woman
51%
1996 101 Dalmatians
42%
2011 Bridesmaids
36%
2008 27 Dresses
33%
2004 Mean Girls
33%
2001 Legally Blonde
31%
1963 The Pink Panther
31%
2011 Drive
21%
1992 My Cousin Vinny
6%
No matching quizzes found
Score Distribution
Percent of People with Each Score
Percentile by Number Answered
Your Score History
You have not taken this quiz